[Event "GER-ch Rapid Women 2017"]
[Site "Erfurt"]
[Date "2017.07.29"]
[Round "4"]
[White "Zimmer, Elke"]
[Black "Birkholz, Olga"]
[Result "0-1"]
[WhiteElo "1950"]
[BlackElo "2076"]
[Annotator "NA"]
[PlyCount "71"]
[EventDate "2017.??.??"]
[EventType "swiss"]
[EventCountry "GER"]
[SourceTitle "playchess.com"]
[Source "ChessBase"]
[SourceQuality "1"]
[TimeControl "1200"]

1. e4 {[%emt 0:00:02]} b6 {[%emt 0:00:04]} 2. g3 {[%emt 0:00:04]} Bb7 {[%emt 0:00:02]} 3. Bg2 {[%emt 0:00:01]} c5 {[%emt 0:00:02]} 4. d3 {[%emt 0:00:02]} g6 {[%emt 0:00:04]} 5. Nc3 {[%emt 0:00:02]} Bg7 {[%emt 0:00:02]} 6. f4 {[%emt 0:00:19]} e6 {[%emt 0:00:01]} 7. Nf3 {[%emt 0:00:02]} Ne7 {[%emt 0:00:01]} 8. O-O {[%emt 0:00:03]} d6 {[%emt 0:00:05]} 9. h3 {[%emt 0:00:11]} O-O {[%emt 0:00:09]} 10. Kh2 {[%emt 0:00:02]} Nbc6 {[%emt 0:00:13]} 11. Ne2 {[%emt 0:00:09]} Rb8 {[%emt 0:00:09]} 12. c3 {[%emt 0:00:01]} d5 {[%emt 0:01:02]} 13. e5 {[%emt 0:00:08]} d4 {[%emt 0:00:05]} 14. c4 {[%emt 0:00:10]} a6 {[%emt 0:00:09]} 15. g4 {[%emt 0:00:01]} Qc7 {[%emt 0:00:29]} 16. Ng3 {[%emt 0:00:11]} b5 {[%emt 0:00:07]} 17. b3 {[%emt 0:00:04]} f6 {[%emt 0:00:28]} 18. exf6 {[%emt 0:00:30]} Bxf6 {[%emt 0:00:09]} 19. Ne4 {[%emt 0:00:32]} Nd8 {[%emt 0:01:01]} 20. Nfd2 {[%emt 0:00:31]} Bh4 {[%emt 0:00:27]} 21. Nf3 {[%emt 0:00:19]} Bf6 {[%emt 0:00:14]} 22. Rb1 {[%emt 0:00:07]} Bg7 {[%emt 0:00:13]} 23. Kg1 {[%emt 0:00:14]} Ba8 {[%emt 0:00:51]} 24. Bd2 {[%emt 0:00:21]} Nb7 {[%emt 0:00:33]} 25. Nfg5 {[%emt 0:00:15]} Qd7 {[%emt 0:00:16]} 26. Qe2 {[%emt 0:00:06]} h6 {[%emt 0:00:11]} 27. Nf3 {[%emt 0:00:01]} Nc6 {[%emt 0:00:47]} 28. Rbe1 {[%emt 0:00:19]} Nb4 {[%emt 0:00:34]} 29. Bxb4 {[%emt 0:00:32]} cxb4 {[%emt 0:00:01]} 30. c5 {[%emt 0:00:01]} Rbc8 {[%emt 0:00:42]} 31. Rc1 {[%emt 0:00:01]} Rxf4 {[%emt 0:00:17]} 32. c6 {[%emt 0:00:06]} Rxc6 {[%emt 0:00:02]} 33. Rxc6 {[%emt 0:00:01]} Qxc6 {[%emt 0:00:03]} 34. Nh4 {[%emt 0:00:31]} Rxf1+ {[%emt 0:00:08]} 35. Qxf1 {[%emt 0:00:01]} Qe8 {[%emt 0:00:12]} 36. Nf6+ {[%emt 0:00:30]} 0-1

[Event "GER-ch Rapid Women 2017"]
[Site "Erfurt"]
[Date "2017.07.29"]
[Round "4"]
[White "Mader, Lena"]
[Black "Yueksel, Anja"]
[Result "1-0"]
[WhiteElo "1880"]
[BlackElo "1472"]
[Annotator "NA"]
[PlyCount "71"]
[EventDate "2017.??.??"]
[EventType "swiss"]
[EventCountry "GER"]
[SourceTitle "playchess.com"]
[Source "ChessBase"]
[SourceQuality "1"]
[TimeControl "1200"]

1. Nf3 {[%emt 0:00:03]} d5 {[%emt 0:00:06]} 2. c4 {[%emt 0:00:01]} dxc4 {[%emt 0:00:07]} 3. Qa4+ {[%emt 0:00:02]} Nc6 {[%emt 0:00:14]} 4. Qxc4 {[%emt 0:00:02]} Nf6 {[%emt 0:00:12]} 5. g3 {[%emt 0:00:27]} e6 {[%emt 0:00:12]} 6. Bg2 {[%emt 0:00:05]} Qd7 {[%emt 0:00:27]} 7. O-O {[%emt 0:00:10]} Be7 {[%emt 0:00:59]} 8. d3 {[%emt 0:01:00]} O-O {[%emt 0:00:08]} 9. b3 {[%emt 0:00:14]} a6 {[%emt 0:00:04]} 10. Bb2 {[%emt 0:00:02]} b5 {[%emt 0:00:08]} 11. Qc2 {[%emt 0:00:26]} Bb7 {[%emt 0:00:04]} 12. a3 {[%emt 0:00:19]} Rac8 {[%emt 0:00:59]} 13. Nbd2 {[%emt 0:00:29]} Rfd8 {[%emt 0:00:39]} 14. Rac1 {[%emt 0:00:03]} Qd6 {[%emt 0:01:39]} 15. Ng5 {[%emt 0:00:54]} h6 {[%emt 0:00:33]} 16. Nge4 {[%emt 0:01:35]} Nxe4 {[%emt 0:00:13]} 17. Nxe4 {[%emt 0:00:02]} Qd7 {[%emt 0:00:23]} 18. Nc5 {[%emt 0:00:12]} Bxc5 {[%emt 0:00:14]} 19. Qxc5 {[%emt 0:00:02]} Qd6 {[%emt 0:00:37]} 20. Bxc6 {[%emt 0:00:16]} Bxc6 {[%emt 0:00:31]} 21. Qxc6 {[%emt 0:00:06]} Qxc6 {[%emt 0:00:25]} 22. Rxc6 {[%emt 0:00:02]} a5 {[%emt 0:00:23]} 23. Rfc1 {[%emt 0:00:09]} Rd7 {[%emt 0:00:02]} 24. Be5 {[%emt 0:00:13]} b4 {[%emt 0:00:40]} 25. axb4 {[%emt 0:00:06]} axb4 {[%emt 0:00:05]} 26. Rxc7 {[%emt 0:00:12]} Rdxc7 {[%emt 0:00:08]} 27. Rxc7 {[%emt 0:00:02]} Ra8 {[%emt 0:00:09]} 28. Rb7 {[%emt 0:00:54]} f6 {[%emt 0:01:20]} 29. Bd6 {[%emt 0:00:22]} Ra2 {[%emt 0:00:20]} 30. e3 {[%emt 0:00:04]} Rd2 {[%emt 0:00:20]} 31. d4 {[%emt 0:00:04]} e5 {[%emt 0:00:03]} 32. dxe5 {[%emt 0:00:13]} fxe5 {[%emt 0:00:46]} 33. Bxe5 {[%emt 0:00:03]} Rd5 {[%emt 0:00:10]} 34. Bd4 {[%emt 0:00:07]} Kh7 {[%emt 0:00:13]} 35. Rxg7+ {[%emt 0:00:05]} Kh8 {[%emt 0:00:06]} 36. Rd7+ {[%emt 0:00:01]} 1-0

[Event "GER-ch Rapid Women 2017"]
[Site "Erfurt"]
[Date "2017.07.29"]
[Round "4"]
[White "Ganser, Ganokorn"]
[Black "Hess, Olena"]
[Result "0-1"]
[WhiteElo "1698"]
[BlackElo "2094"]
[Annotator "NA"]
[PlyCount "81"]
[EventDate "2017.??.??"]
[EventType "swiss"]
[EventCountry "GER"]
[SourceTitle "playchess.com"]
[Source "ChessBase"]
[SourceQuality "1"]
[TimeControl "1200"]

1. d4 {[%emt 0:00:02]} d6 {[%emt 0:00:01]} 2. c4 {[%emt 0:00:02]} e5 {[%emt 0:00:05]} 3. Nc3 {[%emt 0:00:22]} exd4 {[%emt 0:00:06]} 4. Qxd4 {[%emt 0:00:02]} Nc6 {[%emt 0:00:01]} 5. Qd2 {[%emt 0:00:11]} Be6 {[%emt 0:00:01]} 6. b3 {[%emt 0:00:05]} Nf6 {[%emt 0:00:33]} 7. Bb2 {[%emt 0:00:03]} d5 {[%emt 0:02:05]} 8. cxd5 {[%emt 0:01:09]} Nxd5 {[%emt 0:00:05]} 9. e4 {[%emt 0:01:33]} Nxc3 {[%emt 0:01:38]} 10. Bxc3 {[%emt 0:00:03]} Qxd2+ {[%emt 0:00:28]} 11. Bxd2 {[%emt 0:00:48]} Nb4 {[%emt 0:00:56]} 12. O-O-O {[%emt 0:01:27]} Nxa2+ {[%emt 0:01:26]} 13. Kb2 {[%emt 0:00:01]} Nb4 {[%emt 0:00:02]} 14. Bc3 {[%emt 0:00:31]} Rd8 {[%emt 0:00:34]} 15. Rxd8+ {[%emt 0:01:52]} Kxd8 {[%emt 0:00:01]} 16. Nf3 {[%emt 0:00:01]} f6 {[%emt 0:02:23]} 17. Bb5 {[%emt 0:03:09]} Nc6 {[%emt 0:02:41]} 18. Bxc6 {[%emt 0:01:47]} bxc6 {[%emt 0:00:01]} 19. Nd4 {[%emt 0:00:15]} Bd7 {[%emt 0:00:01]} 20. Rd1 {[%emt 0:00:07]} Kc8 {[%emt 0:00:08]} 21. b4 {[%emt 0:02:11]} c5 {[%emt 0:00:33]} 22. bxc5 {[%emt 0:00:04]} Bxc5 {[%emt 0:00:01]} 23. f3 {[%emt 0:00:36]} Re8 {[%emt 0:00:03]} 24. Nb3 {[%emt 0:00:04]} Bb6 {[%emt 0:00:33]} 25. Nd2 {[%emt 0:00:19]} Be6 {[%emt 0:00:14]} 26. Rc1 {[%emt 0:00:50]} Kb7 {[%emt 0:00:11]} 27. Ka3 {[%emt 0:00:03]} Rd8 {[%emt 0:00:08]} 28. Rb1 {[%emt 0:00:05]} Rd3 {[%emt 0:00:09]} 29. Kb2 {[%emt 0:00:17]} c6 {[%emt 0:00:55]} 30. Kc2 {[%emt 0:00:02]} Rd8 {[%emt 0:00:06]} 31. Nb3 {[%emt 0:00:10]} Kc7 {[%emt 0:00:18]} 32. Nd2 {[%emt 0:00:03]} a5 {[%emt 0:00:23]} 33. Nf1 {[%emt 0:00:26]} a4 {[%emt 0:00:08]} 34. Nd2 {[%emt 0:00:14]} Ra8 {[%emt 0:00:10]} 35. Ra1 {[%emt 0:00:01]} Bc5 {[%emt 0:00:05]} 36. Nb1 {[%emt 0:00:05]} a3 {[%emt 0:00:08]} 37. Kd3 {[%emt 0:00:07]} Bb3 {[%emt 0:00:31]} 38. Nd2 {[%emt 0:00:01]} Rd8+ {[%emt 0:00:02]} 39. Ke2 {[%emt 0:00:04]} Ba4 {[%emt 0:00:14]} 40. Nc4 {[%emt 0:00:01]} Bb5 {[%emt 0:00:01]} 41. Ba5+ 0-1

[Event "GER-ch Rapid Women 2017"]
[Site "Erfurt"]
[Date "2017.07.29"]
[Round "5"]
[White "Michna, Marta"]
[Black "Ries, Jutta"]
[Result "1-0"]
[WhiteElo "2377"]
[BlackElo "2051"]
[Annotator "NA"]
[PlyCount "110"]
[EventDate "2017.??.??"]
[EventType "swiss"]
[EventCountry "GER"]
[SourceTitle "playchess.com"]
[Source "ChessBase"]
[SourceQuality "1"]
[TimeControl "1200"]

1. d4 {[%emt 0:00:02]} Nf6 {[%emt 0:00:02]} 2. Bg5 {[%emt 0:00:06]} d5 {[%emt 0:00:31]} 3. Bxf6 {[%emt 0:00:04]} exf6 {[%emt 0:00:02]} 4. e3 {[%emt 0:00:04]} Bd6 {[%emt 0:00:02]} 5. g3 {[%emt 0:00:08]} Bf5 {[%emt 0:00:08]} 6. Nd2 {[%emt 0:00:07]} c6 {[%emt 0:00:32]} 7. Bg2 {[%emt 0:00:10]} Qd7 {[%emt 0:00:04]} 8. a3 {[%emt 0:01:00]} Na6 {[%emt 0:00:14]} 9. c4 {[%emt 0:00:12]} dxc4 {[%emt 0:00:46]} 10. Nxc4 {[%emt 0:00:04]} Nc7 {[%emt 0:00:01]} 11. Ne2 {[%emt 0:00:14]} Be7 {[%emt 0:00:35]} 12. Qb3 {[%emt 0:00:57]} Nb5 {[%emt 0:01:32]} 13. O-O {[%emt 0:00:18]} O-O {[%emt 0:00:25]} 14. Nf4 {[%emt 0:00:26]} Nd6 {[%emt 0:00:25]} 15. Nd2 {[%emt 0:00:15]} Qc7 {[%emt 0:03:16]} 16. Rac1 {[%emt 0:00:46]} Qb6 {[%emt 0:00:28]} 17. Qa2 {[%emt 0:00:52]} Rfe8 {[%emt 0:00:48]} 18. Ne2 {[%emt 0:01:55]} Rad8 {[%emt 0:03:41]} 19. Nc3 {[%emt 0:00:08]} Nb5 {[%emt 0:00:36]} 20. Nc4 {[%emt 0:00:54]} Qa6 {[%emt 0:00:48]} 21. Nxb5 {[%emt 0:00:37]} cxb5 {[%emt 0:00:16]} 22. Nd2 {[%emt 0:00:04]} Bd3 {[%emt 0:00:50]} 23. Rfd1 {[%emt 0:00:24]} Rc8 {[%emt 0:00:32]} 24. Bd5 {[%emt 0:00:38]} Bg6 {[%emt 0:00:35]} 25. Qb3 {[%emt 0:01:10]} b4 {[%emt 0:00:17]} 26. axb4 {[%emt 0:00:22]} Qb6 {[%emt 0:00:07]} 27. b5 {[%emt 0:00:23]} a6 {[%emt 0:00:59]} 28. bxa6 {[%emt 0:00:15]} Qxb3 {[%emt 0:00:01]} 29. Nxb3 {[%emt 0:00:19]} bxa6 {[%emt 0:00:02]} 30. e4 {[%emt 0:00:30]} Bb4 {[%emt 0:00:02]} 31. f3 {[%emt 0:00:10]} h5 {[%emt 0:00:02]} 32. Kf2 {[%emt 0:00:32]} Rb8 {[%emt 0:00:10]} 33. Rc2 {[%emt 0:00:13]} f5 {[%emt 0:00:03]} 34. e5 {[%emt 0:00:31]} f4 {[%emt 0:00:02]} 35. Re2 {[%emt 0:00:00]} fxg3+ {[%emt 0:00:02]} 36. hxg3 {[%emt 0:00:01]} Red8 {[%emt 0:00:06]} 37. Be4 {[%emt 0:00:33]} Bxe4 {[%emt 0:00:04]} 38. Rxe4 {[%emt 0:00:23]} Be7 {[%emt 0:00:04]} 39. Rd3 {[%emt 0:00:06]} Rb4 {[%emt 0:00:02]} 40. d5 {[%emt 0:00:09]} Rb7 {[%emt 0:00:11]} 41. d6 {[%emt 0:00:03]} Bf8 {[%emt 0:00:03]} 42. f4 {[%emt 0:00:17]} g6 {[%emt 0:00:01]} 43. Re2 {[%emt 0:00:18]} Bh6 {[%emt 0:00:08]} 44. Nc5 {[%emt 0:00:04]} Rb4 {[%emt 0:00:04]} 45. Nxa6 {[%emt 0:00:06]} Ra4 {[%emt 0:00:01]} 46. Nc5 {[%emt 0:00:02]} Rb4 {[%emt 0:00:01]} 47. Ne4 {[%emt 0:00:02]} h4 {[%emt 0:00:03]} 48. Nf6+ {[%emt 0:00:08]} Kg7 {[%emt 0:00:01]} 49. Nd5 {[%emt 0:00:03]} hxg3+ 50. Kxg3 {[%emt 0:00:01]} Rb5 {[%emt 0:00:05]} 51. b4 {[%emt 0:00:02]} Rdb8 {[%emt 0:00:02]} 52. Kf3 {[%emt 0:00:05]} Ra8 {[%emt 0:00:03]} 53. Rh2 {[%emt 0:00:06]} g5 {[%emt 0:00:02]} 54. f5 {[%emt 0:00:14]} g4+ {[%emt 0:00:02]} 55. Kxg4 {[%emt 0:00:02]} Ra4 {[%emt 0:00:01]} 1-0

[Event "GER-ch Rapid Women 2017"]
[Site "Erfurt"]
[Date "2017.07.29"]
[Round "5"]
[White "Fuchs, Judith"]
[Black "Mader, Manuela"]
[Result "1/2-1/2"]
[WhiteElo "2285"]
[BlackElo "2203"]
[Annotator "NA"]
[PlyCount "85"]
[EventDate "2017.??.??"]
[EventType "swiss"]
[EventCountry "GER"]
[SourceTitle "playchess.com"]
[Source "ChessBase"]
[SourceQuality "1"]
[TimeControl "1200"]

1. d4 {[%emt 0:00:02]} d5 {[%emt 0:00:06]} 2. Bf4 {[%emt 0:00:02]} Nf6 {[%emt 0:00:01]} 3. e3 {[%emt 0:00:04]} c5 {[%emt 0:00:02]} 4. c3 {[%emt 0:00:02]} Nc6 {[%emt 0:00:02]} 5. Nd2 {[%emt 0:00:03]} Bf5 {[%emt 0:00:08]} 6. Ngf3 {[%emt 0:00:55]} e6 {[%emt 0:00:20]} 7. Bb5 {[%emt 0:00:17]} Qb6 {[%emt 0:00:37]} 8. Qa4 {[%emt 0:01:01]} Nd7 {[%emt 0:01:48]} 9. O-O {[%emt 0:00:27]} Be7 {[%emt 0:00:02]} 10. Bxc6 {[%emt 0:02:12]} bxc6 {[%emt 0:00:10]} 11. c4 {[%emt 0:01:33]} O-O {[%emt 0:01:01]} 12. cxd5 {[%emt 0:00:19]} exd5 {[%emt 0:00:02]} 13. Rfc1 {[%emt 0:00:17]} Rfc8 {[%emt 0:00:11]} 14. b3 {[%emt 0:00:26]} Bf8 {[%emt 0:03:00]} 15. h3 {[%emt 0:00:19]} Bd3 {[%emt 0:00:01]} 16. Ne5 {[%emt 0:00:49]} Nf6 {[%emt 0:01:14]} 17. Bg5 {[%emt 0:00:53]} Bb5 {[%emt 0:00:33]} 18. dxc5 {[%emt 0:00:11]} Bxc5 {[%emt 0:00:17]} 19. Qf4 {[%emt 0:00:17]} Be7 {[%emt 0:00:49]} 20. Ng4 {[%emt 0:01:32]} Nh5 {[%emt 0:04:25]} 21. Qe5 {[%emt 0:00:20]} Ba3 {[%emt 0:00:18]} 22. Rd1 {[%emt 0:02:55]} Be2 {[%emt 0:00:38]} 23. Bh4 {[%emt 0:00:29]} Bxd1 {[%emt 0:01:37]} 24. Rxd1 {[%emt 0:00:02]} Qb5 {[%emt 0:00:08]} 25. Qxh5 {[%emt 0:00:13]} Qd3 {[%emt 0:00:11]} 26. Qxf7+ {[%emt 0:00:17]} Kxf7 {[%emt 0:00:02]} 27. Ne5+ {[%emt 0:00:01]} Ke6 {[%emt 0:00:01]} 28. Nxd3 {[%emt 0:00:01]} Bd6 {[%emt 0:00:14]} 29. Nf3 {[%emt 0:00:33]} h6 {[%emt 0:00:06]} 30. Nd4+ {[%emt 0:00:07]} Kd7 {[%emt 0:00:05]} 31. Rc1 {[%emt 0:00:12]} c5 {[%emt 0:00:10]} 32. Nf5 {[%emt 0:00:08]} Bf8 {[%emt 0:00:01]} 33. Bg3 {[%emt 0:00:09]} g5 {[%emt 0:00:14]} 34. h4 {[%emt 0:00:28]} Ke6 {[%emt 0:00:03]} 35. Nxc5+ {[%emt 0:00:32]} Kxf5 {[%emt 0:00:09]} 36. b4 {[%emt 0:00:02]} a5 {[%emt 0:00:06]} 37. a3 {[%emt 0:00:02]} axb4 {[%emt 0:00:02]} 38. axb4 {[%emt 0:00:00]} Ra7 {[%emt 0:00:13]} 39. hxg5 {[%emt 0:00:02]} hxg5 {[%emt 0:00:01]} 40. Rd1 {[%emt 0:00:01]} Bxc5 {[%emt 0:00:09]} 41. Rxd5+ {[%emt 0:00:03]} Ke6 {[%emt 0:00:01]} 42. Re5+ {[%emt 0:00:12]} Kf6 {[%emt 0:00:03]} 43. f4 {[%emt 0:00:14] Kxe5} 1/2-1/2

[Event "GER-ch Rapid Women 2017"]
[Site "Erfurt"]
[Date "2017.07.29"]
[Round "5"]
[White "Osmanodja, Filiz"]
[Black "Paehtz, Elisabeth"]
[Result "0-1"]
[WhiteElo "2273"]
[BlackElo "2486"]
[Annotator "TA"]
[PlyCount "84"]
[EventDate "2017.??.??"]
[EventType "swiss"]
[EventCountry "GER"]
[SourceTitle "playchess.com"]
[Source "ChessBase"]
[SourceQuality "1"]

{[%evp 23,84,0,-13,0,0,-133,21,17,12,1,156,141,183,145,164,129,155,1,8,14,17,21,64,50,105,95,140,131,149,141,268,257,298,272,277,219,229,193,320,207,307,240,275,159,160,164,160,68,183,148,162,-708,-698,-1946,-1822,-1303,-917,-1075,-1027,-5610,-2626,-1661,-754]} 1. e4 c5 2. Nf3 d6 3. d4 cxd4 4. Nxd4 Nf6 5. Nc3 a6 6. h3 e5 7. Nde2 b5 {[%cal Bb7b5,Bb5b4][%mdl 32]} 8. g4 {B90: Sicilian Najdorf: Unusual White 6th moves, 6 Be3 Ng4 and 6 Be3 e5} b4 9. Nd5 Nxd5 10. Qxd5 Ra7 11. Be3 Be6 12. Qd2 Rd7 {LiveBook: 3 Games} 13. Qxb4 d5 14. Bc5 {[#]} (14. Qa4 $1 $11 {keeps the balance.}) 14... Bxc5 $146 (14... a5 $1 $17 {[%cal Ra5b4]} 15. Qb5 Bxc5 16. Qxc5 Na6) ({Find the theoretical novelty and annotate with similar games:} 14... Nc6 15. Qa3 dxe4 16. Bxf8 Rxf8 {0-1 (67) Quparadze,G (2481)-Mareco,S (2635) Doha 2016}) 15. Qxc5 $11 Rc7 16. Qa3 Rxc2 $2 {[#]} (16... dxe4 $11 17. Ng3 Rxc2) 17. Nc3 $1 $16 Nd7 18. Bd3 Rxc3 19. bxc3 h5 20. Ke2 $2 (20. Qxa6 $6 hxg4 21. O-O-O Rxh3 $16) ({Better is} 20. exd5 $16 Bxd5 21. Rg1) 20... dxe4 $11 21. Bxe4 Bc4+ 22. Kf3 {And now Kg2 would win.} Qg5 {( -> ...hxg4+)} 23. Qc1 Qf6+ (23... Qh4 $14) 24. Kg2 $16 O-O 25. Qe3 ({Of course not} 25. gxh5 $6 Qh4 $11) 25... Qe7 26. Rhd1 Nc5 (26... Nf6 $16) 27. Bd5 $18 (27. gxh5 $6 Ne6 $16) 27... Bb5 28. c4 Bd7 29. f3 Re8 30. Re1 ({But not} 30. gxh5 $6 Ne6 $16) 30... g6 (30... e4 {is a better defense.} 31. Rad1 exf3+ 32. Qxf3 hxg4 33. hxg4 Be6) 31. Qh6 {Qxg6+ is the strong threat.} Qf6 (31... Ne6 $142 32. Rxe5 Qf6 33. Bxe6 Rxe6 34. Rxe6 Qb2+ 35. Kg3 Qxa1) 32. Rad1 h4 33. g5 (33. Qe3 $18 Qe7 34. Rd2) 33... Qf5 $16 34. Qxh4 Nd3 35. Be4 (35. Re4 $16 Nf4+ 36. Kg3) 35... Nf4+ (35... Nxe1+ $14 36. Rxe1 Qe6) 36. Kg3 Qe6 37. c5 $4 {[%mdl 8192]} (37. Bd5 $18 Qe7 38. Rd2) 37... Qxa2 $19 {[%csl Gf4][%cal Ra2g2] Black is clearly winning.} 38. Qxf4 exf4+ 39. Kxf4 Qa5 40. Re2 Qc7+ 41. Ke3 Qxc5+ 42. Kf4 Qe5+ {Precision: White = 32%, Black = 25%.} 0-1

[Event "GER-ch Rapid Women 2017"]
[Site "Erfurt"]
[Date "2017.07.29"]
[Round "5"]
[White "Hess, Olena"]
[Black "Rogozenco, Teodora"]
[Result "1-0"]
[WhiteElo "2094"]
[BlackElo "2169"]
[Annotator "NA"]
[PlyCount "81"]
[EventDate "2017.??.??"]
[EventType "swiss"]
[EventCountry "GER"]
[SourceTitle "playchess.com"]
[Source "ChessBase"]
[SourceQuality "1"]
[TimeControl "1200"]

1. Nf3 {[%emt 0:00:01]} Nf6 {[%emt 0:00:17]} 2. c4 {[%emt 0:00:02]} g6 {[%emt 0:00:03]} 3. Nc3 {[%emt 0:00:04]} Bg7 {[%emt 0:00:01]} 4. e4 {[%emt 0:00:06]} d6 {[%emt 0:00:02]} 5. d4 {[%emt 0:00:02]} O-O {[%emt 0:00:01]} 6. Be2 {[%emt 0:00:07]} e5 {[%emt 0:00:02]} 7. O-O {[%emt 0:00:14]} Nc6 {[%emt 0:00:01]} 8. d5 {[%emt 0:00:02]} Ne7 {[%emt 0:00:00]} 9. Qc2 {[%emt 0:00:03]} Nd7 {[%emt 0:00:21]} 10. Rd1 {[%emt 0:00:02]} f5 {[%emt 0:00:07]} 11. Ng5 {[%emt 0:00:10]} Nc5 {[%emt 0:00:50]} 12. b4 {[%emt 0:00:34]} Nxe4 {[%emt 0:00:02]} 13. Ncxe4 {[%emt 0:00:19]} fxe4 {[%emt 0:00:01]} 14. Qxe4 {[%emt 0:02:32]} Nf5 {[%emt 0:00:29]} 15. Bg4 {[%emt 0:00:52]} Nd4 {[%emt 0:02:13]} 16. Ne6 {[%emt 0:01:05]} Nxe6 {[%emt 0:00:55]} 17. Bxe6+ {[%emt 0:00:34]} Bxe6 {[%emt 0:00:01]} 18. dxe6 {[%emt 0:00:01]} c6 {[%emt 0:00:40]} 19. Be3 {[%emt 0:00:19]} Qe7 {[%emt 0:00:09]} 20. b5 {[%emt 0:01:25]} Qxe6 {[%emt 0:02:13]} 21. bxc6 {[%emt 0:00:11]} bxc6 {[%emt 0:00:03]} 22. Qxc6 {[%emt 0:00:22]} Rfc8 {[%emt 0:01:34]} 23. Qxd6 {[%emt 0:01:00]} Qxd6 24. Rxd6 {[%emt 0:00:01]} Rxc4 {[%emt 0:00:03]} 25. Ra6 {[%emt 0:00:34]} Rac8 {[%emt 0:01:42]} 26. g3 {[%emt 0:00:51]} e4 {[%emt 0:00:05]} 27. Rd1 {[%emt 0:00:23]} R8c7 {[%emt 0:00:47]} 28. Rd8+ {[%emt 0:00:31]} Kf7 {[%emt 0:00:03]} 29. Ra8 {[%emt 0:00:01]} Bd4 {[%emt 0:01:02]} 30. Bxd4 {[%emt 0:00:02]} Rxd4 {[%emt 0:00:01]} 31. R8xa7 {[%emt 0:00:03]} Rxa7 {[%emt 0:00:24]} 32. Rxa7+ {[%emt 0:00:01]} Ke6 {[%emt 0:00:01]} 33. a4 {[%emt 0:00:52]} Rd1+ {[%emt 0:00:06]} 34. Kg2 {[%emt 0:00:01]} Ra1 {[%emt 0:00:02]} 35. a5 {[%emt 0:00:14]} Ra2 {[%emt 0:00:12]} 36. Kf1 {[%emt 0:00:10]} e3 {[%emt 0:00:22]} 37. fxe3 {[%emt 0:00:44]} Rxh2 {[%emt 0:00:03]} 38. a6 {[%emt 0:00:18]} Ra2 {[%emt 0:00:03]} 39. Ra8 {[%emt 0:00:31]} h5 {[%emt 0:00:22]} 40. a7 {[%emt 0:00:09]} Kf7 {[%emt 0:00:14]} 41. Rh8 {[%emt 0:00:04]} 1-0

[Event "GER-ch Rapid Women 2017"]
[Site "Erfurt"]
[Date "2017.07.29"]
[Round "5"]
[White "Birkholz, Olga"]
[Black "Ganser, Ganokorn"]
[Result "0-1"]
[WhiteElo "2076"]
[BlackElo "1698"]
[Annotator "NA"]
[PlyCount "118"]
[EventDate "2017.??.??"]
[EventType "swiss"]
[EventCountry "GER"]
[SourceTitle "playchess.com"]
[Source "ChessBase"]
[SourceQuality "1"]
[TimeControl "1200"]

1. d4 {[%emt 0:00:01]} Nf6 {[%emt 0:00:01]} 2. Nf3 {[%emt 0:00:02]} g6 {[%emt 0:00:02]} 3. Nc3 {[%emt 0:00:02]} Bg7 {[%emt 0:00:01]} 4. e4 {[%emt 0:00:01]} d6 {[%emt 0:00:13]} 5. h3 {[%emt 0:00:10]} O-O {[%emt 0:00:02]} 6. Be3 {[%emt 0:00:16]} c6 {[%emt 0:00:03]} 7. g4 {[%emt 0:00:12]} b5 {[%emt 0:01:16]} 8. g5 {[%emt 0:00:45]} Nfd7 {[%emt 0:02:27]} 9. a3 {[%emt 0:00:25]} a6 {[%emt 0:00:39]} 10. Qd2 {[%emt 0:00:22]} Qa5 {[%emt 0:01:01]} 11. Bg2 {[%emt 0:00:53]} Bb7 {[%emt 0:02:21]} 12. O-O {[%emt 0:00:06]} Qd8 {[%emt 0:00:35]} 13. Rad1 {[%emt 0:00:34]} Nb6 {[%emt 0:00:03]} 14. b3 {[%emt 0:00:06]} N8d7 {[%emt 0:00:33]} 15. Ne2 {[%emt 0:00:10]} c5 {[%emt 0:00:19]} 16. Ng3 {[%emt 0:00:12]} Qc7 {[%emt 0:01:17]} 17. c3 {[%emt 0:02:26]} Rac8 {[%emt 0:00:10]} 18. Rc1 {[%emt 0:00:06]} Rfd8 {[%emt 0:00:09]} 19. h4 {[%emt 0:00:09]} Qb8 {[%emt 0:02:15]} 20. Bh3 {[%emt 0:00:31]} e6 {[%emt 0:01:03]} 21. Qe2 {[%emt 0:00:35]} cxd4 {[%emt 0:01:00]} 22. Bxd4 {[%emt 0:01:27]} e5 {[%emt 0:00:34]} 23. Bxb6 {[%emt 0:00:11]} Nxb6 {[%emt 0:00:03]} 24. Bxc8 {[%emt 0:00:03]} Bxc8 {[%emt 0:00:08]} 25. Qe3 {[%emt 0:01:06]} Nd7 {[%emt 0:00:36]} 26. Rcd1 {[%emt 0:00:26]} Bf8 {[%emt 0:00:03]} 27. Nh2 {[%emt 0:00:10]} Nc5 {[%emt 0:00:25]} 28. b4 {[%emt 0:00:06]} Na4 {[%emt 0:00:18]} 29. f4 {[%emt 0:00:25]} Qb6 {[%emt 0:00:41]} 30. Qxb6 {[%emt 0:00:08]} Nxb6 {[%emt 0:00:01]} 31. fxe5 {[%emt 0:00:02]} Nc4 {[%emt 0:00:05]} 32. Rd3 {[%emt 0:00:43]} Nxe5 {[%emt 0:00:02]} 33. Rd4 {[%emt 0:00:17]} Bh3 {[%emt 0:00:03]} 34. Rfd1 {[%emt 0:00:07]} Rc8 {[%emt 0:00:01]} 35. Ne2 {[%emt 0:00:13]} Nc4 {[%emt 0:00:06]} 36. Nf4 {[%emt 0:00:27]} Bd7 {[%emt 0:00:09]} 37. Nd5 {[%emt 0:00:29]} Bg7 {[%emt 0:00:04]} 38. Nf6+ {[%emt 0:00:06]} Bxf6 {[%emt 0:00:02]} 39. gxf6 {[%emt 0:00:01]} Re8 {[%emt 0:00:01]} 40. Kf2 {[%emt 0:00:18]} h5 {[%emt 0:00:03]} 41. Ra1 {[%emt 0:00:36]} Bc6 {[%emt 0:00:01]} 42. Re1 {[%emt 0:00:11]} Re6 {[%emt 0:00:05]} 43. Nf3 {[%emt 0:00:43]} Rxf6 {[%emt 0:00:02]} 44. Kg3 {[%emt 0:00:15]} Re6 {[%emt 0:00:01]} 45. Ng5 {[%emt 0:00:09]} Re7 {[%emt 0:00:02]} 46. Nf3 {[%emt 0:00:56]} Kg7 {[%emt 0:00:01]} 47. Kf4 {[%emt 0:00:14]} Bb7 {[%emt 0:00:26]} 48. a4 {[%emt 0:00:24]} Re6 {[%emt 0:00:03]} 49. axb5 {[%emt 0:00:29]} axb5 {[%emt 0:00:01]} 50. Ra1 {[%emt 0:00:17]} Rf6+ {[%emt 0:00:01]} 51. Kg3 {[%emt 0:00:01]} Bc8 {[%emt 0:00:01]} 52. Ra8 {[%emt 0:00:28]} Bg4 {[%emt 0:00:01]} 53. Nh2 {[%emt 0:00:02]} Be6 {[%emt 0:00:02]} 54. Rb8 {[%emt 0:00:02]} Bd7 {[%emt 0:00:09]} 55. Nf3 Bg4 56. Ng5 {[%emt 0:00:11]} Bd7 {[%emt 0:00:02]} 57. Rb7 {[%emt 0:00:05]} Bc6 {[%emt 0:00:01]} 58. Rc7 {[%emt 0:00:06]} Ba8 {[%emt 0:00:01]} 59. Ra7 {[%emt 0:00:02]} Nb6 {[%emt 0:00:01]} 0-1